[Event "Budapest Art Pub Cup 4th"]
[Site "Budapest"]
[Date "2014.04.18"]
[Round "3"]
[White "Bakk, Zoltan"]
[Black "Firnigel, Janos"]
[Result "1-0"]
[WhiteElo "2072"]
[BlackElo "1751"]
[PlyCount "79"]
[EventDate "2014.04.16"]
[EventType "swiss"]
[EventRounds "7"]
[EventCountry "HUN"]
[SourceTitle "EXT 2015"]
[Source "ChessBase"]
[SourceDate "2014.11.20"]
[SourceVersion "1"]
[SourceVersionDate "2014.11.20"]
[SourceQuality "1"]

1. d4 Nf6 2. Bg5 Ne4 3. Bf4 d5 4. e3 e6 5. Bd3 Nf6 6. Nf3 Nbd7 7. Nbd2 c5 8. c3 c4 9. Bc2 Nh5 10. Be5 b5 11. 0-0 Bb7 12. h3 Nxe5 13. dxe5 g6 14. Nd4 a6 15. Qe1 Bc5 16. f4 Ng7 17. g4 Bxd4 18. exd4 h5 19. Nf3 hxg4 20. hxg4 Qe7 21. a4 Bc6 22. axb5 axb5 23. Rxa8+ Bxa8 24. Qa1 Bc6 25. Qa6 Qb7 26. Ra1 0-0 27. Qxb7 Bxb7 28. Ra7 Bc6 29. Rc7 Be8 30. Ng5 Kh8 31. Kf2 Kg8 32. Ke3 Kh8 33. Kf3 Kg8 34. Kg3 Kh8 35. Kh4 Kg8 36. Nf3 Nf5+ 37. gxf5 gxf5 38. Ng5 Kh8 39. Bd1 Rg8 40. Bh5 1-0

[Event "Budapest Art Pub Cup 3rd"]
[Site "Budapest"]
[Date "2014.01.05"]
[Round "7"]
[White "Kormos, Adam"]
[Black "Firnigel, Janos"]
[Result "1-0"]
[WhiteElo "2138"]
[BlackElo "1758"]
[PlyCount "71"]
[EventDate "2014.01.02"]
[EventType "swiss"]
[EventRounds "7"]
[EventCountry "HUN"]
[SourceTitle "CBM 158 Extra"]
[Source "ChessBase"]
[SourceDate "2014.02.28"]
[SourceVersion "1"]
[SourceVersionDate "2014.02.28"]
[SourceQuality "1"]

1. e4 c5 2. Nf3 Nc6 3. d4 cxd4 4. Nxd4 a6 5. Nc3 g6 6. Bc4 Bg7 7. Be3 Ne5 8. Bb3 Nf6 9. h3 Qc7 10. Qe2 b5 11. f4 Nc4 12. Bxc4 Qxc4 13. Qxc4 bxc4 14. e5 Nh5 15. g4 Bb7 16. Rg1 Nxf4 17. Bxf4 d6 18. Nde2 dxe5 19. Be3 0-0 20. 0-0-0 Rfd8 21. Bb6 Rd6 22. Bc5 Rxd1+ 23. Rxd1 e6 24. Rd7 Bc6 25. Rc7 Bh6+ 26. Kb1 Bf3 27. Be7 Bd5 28. g5 Bg7 29. Ng3 e4 30. Ncxe4 Be5 31. Bd6 Bxd6 32. Nxd6 Rd8 33. Nxf7 Rf8 34. Nh6+ Kh8 35. Ng4 Rf3 36. Nf6 1-0

[Event "Budapest Art Pub Cup 2nd"]
[Site "Budapest"]
[Date "2013.08.11"]
[Round "5"]
[White "Firnigel, Janos"]
[Black "Papp, Andras"]
[Result "1-0"]
[WhiteElo "1797"]
[BlackElo "1440"]
[PlyCount "67"]
[EventDate "2013.08.09"]
[EventType "swiss"]
[EventRounds "6"]
[EventCountry "HUN"]
[SourceTitle "CBM 156 Extra"]
[Source "ChessBase"]
[SourceDate "2013.10.22"]
[SourceVersion "1"]
[SourceVersionDate "2013.10.22"]
[SourceQuality "1"]

1. d4 d5 2. c4 e6 3. Nc3 Bb4 4. Qb3 Nc6 5. e3 Nge7 6. Nf3 Ng6 7. Bd2 a6 8. cxd5 exd5 9. Qxd5 Qxd5 10. Nxd5 Bd6 11. a3 Be6 12. Nc3 0-0-0 13. d5 Bxd5 14. Nxd5 Bc5 15. Nc3 h6 16. Rc1 Bb6 17. Na4 Rd6 18. Nxb6+ cxb6 19. b4 Kb8 20. Be2 f5 21. g3 Rc8 22. 0-0 a5 23. b5 Na7 24. Nd4 Ne7 25. Rxc8+ Naxc8 26. Bf3 g6 27. Bc3 Nd5 28. Bxd5 Rxd5 29. a4 Rc5 30. Ne2 Rc4 31. Rc1 Re4 32. Bd4 g5 33. Nc3 Re6 34. Nd5 1-0

[Event "HUN-chT2 Erkel 1112"]
[Site "Hungary"]
[Date "2012.03.25"]
[Round "8.12"]
[White "Kiss, Gergo"]
[Black "Firnigel, Janos"]
[Result "0-1"]
[WhiteElo "1857"]
[BlackElo "1855"]
[PlyCount "40"]
[EventDate "2011.09.25"]
[EventType "team-tourn"]
[EventRounds "11"]
[EventCountry "HUN"]
[SourceTitle "EXT 2013"]
[Source "ChessBase"]
[SourceDate "2012.11.22"]
[SourceVersion "1"]
[SourceVersionDate "2012.11.22"]
[SourceQuality "1"]
[WhiteTeam "Szigetszentmiklos"]
[BlackTeam "Dunaharaszti"]
[WhiteTeamCountry "HUN"]
[BlackTeamCountry "HUN"]

1. e4 c5 2. Nf3 Nc6 3. Bb5 Qb6 4. Nc3 e6 5. 0-0 g6 6. d3 Bg7 7. Be3 Nd4 8. Nxd4 cxd4 9. Re1 dxe3 10. fxe3 Bxc3 11. bxc3 Qxb5 12. Rf1 Ne7 13. Qf3 0-0 14. Rab1 Qg5 15. c4 a6 16. g3 Nc6 17. h4 Qe7 18. Rf2 Kg7 19. Rbf1 f5 20. exf5 Rxf5 0-1

[Event "HUN-chT2 Erkel 1011"]
[Site "Hungary"]
[Date "2010.09.26"]
[Round "2.11"]
[White "Firnigel, Janos"]
[Black "Marta, Dominik"]
[Result "1/2-1/2"]
[WhiteElo "1913"]
[BlackElo "1737"]
[PlyCount "116"]
[EventDate "2010.09.12"]
[EventType "team-tourn"]
[EventRounds "11"]
[EventCountry "HUN"]
[SourceTitle "EXT 2012"]
[Source "ChessBase"]
[SourceDate "2011.11.24"]
[SourceVersion "1"]
[SourceVersionDate "2011.11.24"]
[SourceQuality "1"]
[WhiteTeam "Dunaharaszti II"]
[BlackTeam "Toth Laszlo"]
[WhiteTeamCountry "HUN"]
[BlackTeamCountry "HUN"]

1. d4 Nf6 2. c4 g6 3. Nc3 Bg7 4. e4 0-0 5. Be2 d6 6. f4 Nbd7 7. Nf3 c5 8. d5 Ne8 9. 0-0 e5 10. f5 Ndf6 11. Ng5 h6 12. Nh3 Kh7 13. g4 g5 14. Be3 Nd7 15. Qd2 f6 16. Rf3 Rh8 17. Nf2 a6 18. Rh3 Kg8 19. Rh5 Kf7 20. Kg2 Nc7 21. a4 a5 22. Rh1 Nf8 23. h4 Nh7 24. hxg5 Nxg5 25. Nh3 Bd7 26. b3 b6 27. Bd3 Rb8 28. Ne2 Na6 29. Ng3 Nb4 30. Bb1 Ra8 31. Nxg5+ fxg5 32. R5h2 Rb8 33. Nh5 Bf6 34. Qf2 Qe7 35. Kg3 Rh7 36. Kf3 Rbh8 37. Ke2 Bc8 38. Kd2 Bd7 39. Kc3 Be8 40. Ng3 Bd7 41. Ne2 Be8 42. Ng1 Kg7 43. Nf3 Bd7 44. Qd2 Be8 45. Kb2 Bf7 46. Rh3 Be8 47. Bc2 Bf7 48. Bd1 Be8 49. Be2 Bf7 50. Qc1 Be8 51. Nd2 Bf7 52. Qg1 Be8 53. Nf1 Bf7 54. Ng3 Be8 55. R1h2 Bf7 56. Qh1 Be8 57. Nh5+ Kg8 58. Ng3 Kg7 1/2-1/2

[Event "HUN-ch Seniors"]
[Site "Ajka"]
[Date "2008.06.27"]
[Round "7"]
[White "Firnigel, Janos"]
[Black "Papp, Karoly"]
[Result "0-1"]
[WhiteElo "1963"]
[BlackElo "1904"]
[PlyCount "116"]
[EventDate "2008.06.23"]
[EventType "swiss"]
[EventRounds "9"]
[EventCountry "HUN"]
[SourceTitle "EXT 2011"]
[Source "ChessBase"]
[SourceDate "2010.11.26"]
[SourceVersion "1"]
[SourceVersionDate "2010.11.26"]
[SourceQuality "1"]

1. d4 d5 2. c4 e6 3. Nf3 Nf6 4. Bg5 Be7 5. Nc3 c6 6. e3 0-0 7. Bd3 h6 8. Bh4 dxc4 9. Bxc4 Nd5 10. Bxe7 Qxe7 11. Qc2 Nd7 12. a3 b6 13. 0-0 Bb7 14. Rfd1 Rfd8 15. Ne5 Nf8 16. Ne4 f6 17. Nf3 Kh8 18. Rac1 Rac8 19. Qe2 Rc7 20. Ba2 g5 21. Ng3 Ng6 22. Rc2 Rdc8 23. Rdc1 c5 24. Nh5 f5 25. Ne5 Nxe5 26. dxe5 Rc6 27. Rd2 Qf7 28. Rcd1 R6c7 29. h3 Rg8 30. g4 Rcc8 31. Bb1 Bc6 32. gxf5 g4 33. Ng3 gxh3 34. Kh2 exf5 35. Kxh3 f4 36. Nf5 Rg5 37. e4 Rh5+ 38. Kg2 Rg8+ 39. Ng3 Rxe5 40. Rh1 h5 41. Qf3 Rg7 42. exd5 Bxd5 43. Rxd5 Qxd5 44. Rd1 Qxf3+ 45. Kxf3 fxg3 46. Rd8+ Rg8 47. Rd7 Rf8+ 48. Kxg3 a6 49. Rd6 b5 50. b3 Rg5+ 51. Kh4 Rg1 52. Rh6+ Kg8 53. Bd3 Rxf2 54. Rg6+ Rxg6 55. Bxg6 Kg7 56. Bxh5 Rh2+ 57. Kg5 Rxh5+ 58. Kxh5 c4 0-1

[Event "HUN-ch Seniors"]
[Site "Ajka"]
[Date "2008.06.25"]
[Round "3"]
[White "Firnigel, Janos"]
[Black "Szabo, Vilmos"]
[Result "1-0"]
[WhiteElo "1963"]
[BlackElo "1804"]
[PlyCount "89"]
[EventDate "2008.06.23"]
[EventType "swiss"]
[EventRounds "9"]
[EventCountry "HUN"]
[SourceTitle "EXT 2011"]
[Source "ChessBase"]
[SourceDate "2010.11.26"]
[SourceVersion "1"]
[SourceVersionDate "2010.11.26"]
[SourceQuality "1"]

1. d4 Nf6 2. c4 e6 3. Nc3 Bb4 4. Nf3 0-0 5. Qc2 d5 6. Bg5 b6 7. e3 Nbd7 8. Bd3 h6 9. Bh4 Bb7 10. 0-0 Be7 11. h3 c5 12. Bg3 a6 13. cxd5 exd5 14. dxc5 Nxc5 15. Bf5 Nce4 16. Be5 g6 17. Bxe4 Nxe4 18. Nxe4 dxe4 19. Rfd1 Qc8 20. Qxc8 Bxc8 21. Nd2 Bb7 22. Nc4 Bc5 23. Bf6 b5 24. Na5 Bc8 25. Rac1 Bb6 26. Nc6 Be6 27. b3 Kh7 28. Rd6 g5 29. Ne5 Bd8 30. Bxd8 Rfxd8 31. Rcd1 Rxd6 32. Rxd6 Kg7 33. Rb6 Ra7 34. Nc6 Ra8 35. Nd4 Bc8 36. b4 Ra7 37. Rc6 Bd7 38. Rd6 Be8 39. Nf5+ Kg8 40. Nxh6+ Kh7 41. Nf5 Rd7 42. Rh6+ Kg8 43. Rxa6 Rd1+ 44. Kh2 Bd7 45. Nd6 1-0

[Event "HUN-chT2 Breyer 0203"]
[Site "Hungary"]
[Date "2003.03.23"]
[Round "9"]
[White "Firnigel, Janos"]
[Black "Kamaras, Peter"]
[Result "1/2-1/2"]
[WhiteElo "2047"]
[BlackElo "2232"]
[PlyCount "153"]
[EventDate "2002.09.22"]
[EventType "team-tourn"]
[EventRounds "11"]
[EventCountry "HUN"]
[SourceTitle "EXT 2009"]
[Source "ChessBase"]
[SourceDate "2008.11.26"]
[SourceVersion "1"]
[SourceVersionDate "2008.11.26"]
[SourceQuality "1"]

1. d4 Nf6 2. c4 e5 3. dxe5 Ng4 4. Bf4 Nc6 5. Nf3 Bc5 6. e3 Qe7 7. Be2 Bb4+ 8. Nbd2 Ngxe5 9. Nxe5 Nxe5 10. 0-0 g5 11. Bg3 h5 12. a3 Bxd2 13. Qxd2 d6 14. Qd5 Nc6 15. h3 Be6 16. Qb5 0-0-0 17. Bf3 Bd7 18. Qa4 Ne5 19. Qxa7 Nxf3+ 20. gxf3 Bc6 21. e4 g4 22. h4 gxf3 23. Rfe1 Rdg8 24. Kh2 b6 25. e5 d5 26. cxd5 Bxd5 27. Qa6+ Bb7 28. Qd3 Rg4 29. Qf5+ Kb8 30. Qf6 Qf8 31. e6 fxe6 32. Qxf8+ Rxf8 33. Rxe6 Kc8 34. Rc1 Rf7 35. Rxb6 Rxg3 36. Kxg3 Rg7+ 37. Kh3 Rg2 38. Rxb7 Kxb7 39. Rc2 Kb6 40. b4 c6 41. a4 Rg4 42. Rb2 Ka6 43. b5+ Kb6 44. bxc6+ Kxc6 45. Rb3 Rxa4 46. Rxf3 Ra5 47. Kg3 Kd6 48. Rf6+ Ke7 49. Rg6 Kf7 50. Rg5 Ra3+ 51. f3 Kf6 52. Rxh5 Ra4 53. Rg5 Ra1 54. Rg4 Rg1+ 55. Kh2 Ra1 56. Rg3 Ra4 57. Kh3 Rb4 58. h5 Rb1 59. Kg4 Rb4+ 60. f4 Rb1 61. h6 Kg6 62. Rh3 Rg1+ 63. Kf3 Kh7 64. Ke4 Ra1 65. Kf5 Rg1 66. Kf6 Rf1 67. f5 Re1 68. Kf7 Ra1 69. Re3 Ra7+ 70. Re7 Ra6 71. Ke8+ Kg8 72. h7+ Kh8 73. Re6 Ra8+ 74. Kf7 Ra7+ 75. Re7 Ra6 76. f6 Rxf6+ 77. Kxf6 1/2-1/2

[Event "Alfoeld Cup op"]
[Site "Hajduszoboszlo"]
[Date "2001.06.18"]
[Round "3"]
[White "Firnigel, Janos"]
[Black "Staflin, Soren"]
[Result "1-0"]
[WhiteElo "2074"]
[BlackElo "2063"]
[PlyCount "57"]
[EventDate "2001.06.16"]
[EventType "swiss"]
[EventRounds "9"]
[EventCountry "HUN"]
[SourceTitle "EXT 2004"]
[Source "ChessBase"]
[SourceDate "2003.11.25"]
[SourceVersion "1"]
[SourceVersionDate "2003.11.25"]
[SourceQuality "1"]

1. e4 c5 2. Nf3 d6 3. d4 cxd4 4. Nxd4 Nf6 5. Nc3 Nc6 6. Be2 e5 7. Nb3 Be7 8. Be3 0-0 9. 0-0 a5 10. Kh1 a4 11. Nd2 Be6 12. f4 exf4 13. Rxf4 Ne5 14. Bd4 a3 15. b3 Qa5 16. Na4 b5 17. Bb6 Qa6 18. Qg1 Nfd7 19. Be3 Qc6 20. Nb6 Nxb6 21. Bxb6 Bg5 22. g3 d5 23. Bd4 Ng6 24. Raf1 Qxc2 25. Qe3 dxe4 26. Nxe4 Bxf4 27. gxf4 Bd5 28. Bd3 Qc6 29. f5 1-0

[Event "Alfoeld Cup op"]
[Site "Hajduszoboszlo"]
[Date "2001.06.16"]
[Round "1"]
[White "Firnigel, Janos"]
[Black "Istvanovszky, Kalman"]
[Result "0-1"]
[WhiteElo "2074"]
[BlackElo "2283"]
[PlyCount "124"]
[EventDate "2001.06.16"]
[EventType "swiss"]
[EventRounds "9"]
[EventCountry "HUN"]
[SourceTitle "EXT 2004"]
[Source "ChessBase"]
[SourceDate "2003.11.25"]
[SourceVersion "1"]
[SourceVersionDate "2003.11.25"]
[SourceQuality "1"]

1. e4 c5 2. Nf3 a6 3. d4 cxd4 4. Nxd4 Nf6 5. Nc3 e5 6. Nb3 Bb4 7. Bd2 0-0 8. Bd3 Nc6 9. a3 Bxc3 10. Bxc3 d5 11. exd5 Nxd5 12. Bd2 e4 13. Be2 Qf6 14. c4 Nf4 15. Bxf4 Qxf4 16. 0-0 Rd8 17. Qc1 Qe5 18. f4 Qf6 19. Qc2 Bf5 20. g4 Nd4 21. Nxd4 Qxd4+ 22. Kh1 Qe3 23. Rad1 Bd7 24. Qd2 Qxd2 25. Rxd2 e3 26. Rc2 Bc6+ 27. Bf3 Rd4 28. Bxc6 bxc6 29. Re1 Re8 30. Rce2 Rxf4 31. Rxe3 Rxe3 32. Rxe3 Kf8 33. h3 Rxc4 34. Rb3 Ke7 35. Kg2 Kf6 36. Kg3 a5 37. Rb6 a4 38. Ra6 Ke6 39. Ra7 h6 40. Rb7 g6 41. Kf3 Rd4 42. Ke3 Rc4 43. Kd3 Rc1 44. Rb4 Rh1 45. Rxa4 Rxh3+ 46. Kc2 Rh4 47. Re4+ Kd5 48. Ra4 Kd6 49. Kd3 f5 50. Rd4+ Ke5 51. Rc4 Rh3+ 52. Kc2 Kd5 53. Rb4 Rh4 54. Kd3 Rxg4 55. Rb8 h5 56. Rd8+ Kc5 57. b4+ Kb6 58. Rg8 h4 59. Ke3 g5 60. a4 h3 61. a5+ Ka6 62. Kf3 Rh4 0-1